000 00620nam a22002057a 4500
003 DO-SdBNP
005 20240305092220.0
007 ta
008 210622b 2017 dr j 00| 0 eng d
020 _a9789945168594
040 _aDO-SdBNP
_bspa
_cBNPHU
100 1 _aZapata, César Augusto,
_d1959 -
_972848
245 1 _a Abrapalabra :
_bpoemas al pie de la letra /
_cCésar Augusto Zapata.
260 _aSanto Domingo :
_bBuho,
_c2017.
300 _a91 p. ;
_c22 cm.
500 _aIncluye datos biográficos del autor en la solapa de la cubierta
590 _aInventariado, 2021 /LP
910 _aLP
942 _2ddc
_cLBS1
999 _c49975
_d49975